FIBA ranking: the 20 best nations - Statistics

General Stats
  • This quiz has been taken 53 times
  • The average score is 16 of 20
Answer Stats
Ranking Continent Nation % Correct
1 America United States
98%
5 America Canada
96%
2 Europe Germany
96%
7 Europe Spain
96%
4 Europe France
94%
6 Oceania Australia
92%
10 America Brazil
92%
3 Europe Serbia
90%
8 America Argentina
88%
13 Europe Greece
86%
14 Europe Slovenia
80%
12 Europe Turkey
80%
15 Europe Italy
78%
9 Europe Lithuania
78%
11 Europe Latvia
76%
19 Europe Poland
76%
17 Europe Finland
73%
18 Europe Montenegro
63%
16 America Puerto Rico
53%
20 Europe Georgia
31%
No matching quizzes found
Score Distribution
Percent of People with Each Score
Percentile by Number Answered
Your Score History
You have not taken this quiz